| 000 | 00871cab a2200253 4500 | ||
|---|---|---|---|
| 001 | ABS48823 | ||
| 008 | 090401t1993 xxu||||| |||| 00| 0 eng d | ||
| 035 | _a(Sirsi) u68668 | ||
| 041 | _aeng | ||
| 100 | _aLopez, X.R. | ||
| 245 | _aData exchange and integration in UK local government | ||
| 260 | _c1993 | ||
| 350 | _a0 | ||
| 490 |
_aMapping Awareness & GIS in Europe _v7(5) June 1993, 37-40(4) |
||
| 520 | _aReports on the findings of the South East Regional Research Laboratory (SERRL) on the use of GIS systems in local government. Highlights the problem of the lack of data standards hindering data sharing. | ||
| 650 | _aDATA STANDARDS | ||
| 650 | _aGIS | ||
| 650 | _aLOCAL AUTHORITIES | ||
| 650 | _aLOCAL GOVERNMENT | ||
| 690 | _aMANAGEMENT-BUSINESS MANAGEMENT-INFORMATION MANAGEMENT | ||
| 700 | _aJohn, S.A. | ||
| 942 | _n0 | ||
| 948 | _c04/03/1997 | ||
| 999 |
_c43085 _d43085 |
||